| 000 | 00589nam a2200229 4500 | ||
|---|---|---|---|
| 003 | OSt | ||
| 005 | 20180116183016.0 | ||
| 008 | 151009b xxu||||| |||| 00| 0 eng d | ||
| 020 | _a9788131723951 | ||
| 022 | _a9788131723951 | ||
| 040 | _c0 | ||
| 050 | _a005.10685 | ||
| 082 | _a005.10685 | ||
| 100 | _aGalin,Daniel | ||
| 245 |
_aSoftware Quality Assurance. _bFrom theory to implementation. _cDaniel Galin. |
||
| 260 |
_aNew Delhi _bPEARSON _c2014 |
||
| 300 | _a590p. | ||
| 500 | _aPaper Cover | ||
| 600 | _aGalin,Daniel | ||
| 700 | _aGalin,Daniel | ||
| 942 |
_2ddc _cBK _k005.10685 |
||
| 999 |
_c350402 _d350402 |
||